Каталог продукции, поставляемой Пермским НПО "Парма" ... ...в 1987 году по состоянию на 1 сент. 1986 г. (Запись № 6768280)

Подробности
000 -МАРКЕР
контрольное поле 01273nam2a22002291 4500
001 - ИДЕНТИФИКАТОР ЗАПИСИ
контрольное поле rc\639540
005 - ИДЕНТИФИКАТОР ВЕРСИИ
контрольное поле 20250621222153.0
035 ## - ДРУГИЕ СИСТЕМНЫЕ НОМЕРА
Идентификатор записи (NLR Aleph) 005951442
100 ## - ДАННЫЕ ОБЩЕЙ ОБРАБОТКИ
Данные общей обработки 20031121d1986 |||y0rusy50 ca
101 0# - ЯЗЫК РЕСУРСА
Язык текста, звукозаписи и т.д. русский
102 ## - СТРАНА ПУБЛИКАЦИИ ИЛИ ПРОИЗВОДСТВА
Страна публикации Российская Федерация
105 ## - ПОЛЕ КОДИРОВАННЫХ ДАННЫХ: ТЕКСТОВЫЕ МАТЕРИАЛЫ, МОНОГРАФИЧЕСКИЕ
Кодированные данные о монографическом текстовом документе y |||||||||
200 0# - ЗАГЛАВИЕ И СВЕДЕНИЯ ОБ ОТВЕТСТВЕННОСТИ
Основное заглавие ...в 1987 году по состоянию на 1 сент. 1986 г.
210 ## - ПУБЛИКАЦИЯ, РАСПРОСТРАНЕНИЕ И ДР.
Дата издания, распространения и т.д. 1986
Место издания, распространения и т.д. Б. м.
215 ## - ФИЗИЧЕСКАЯ ХАРАКТЕРИСТИКА
Специфическое обозначение материала и объем 117 с.
461 #0 - УРОВЕНЬ НАБОРА
Встроенное поле 001rc\639539
-- 2001#$aКаталог продукции, поставляемой Пермским НПО "Парма" ...$fМ-во приборостроения, средств автоматизации и систем упр. ...$v...в 1987 году по состоянию на 1 сент. 1986 г.
Системный номер (АБИС) связанной записи 6768273
Автор "Парма", пермское науч.-произв. об-ние
Место публикации Пермь
Дата публикации 1986
Первые сведения об ответственности М-во приборостроения, средств автоматизации и систем упр. ...
Имя издателя, распространителя и т.д. НПО "Парма"
Заглавие Каталог продукции, поставляемой Пермским НПО "Парма" ...
Номер тома ...в 1987 году по состоянию на 1 сент. 1986 г.
801 #0 - ИСТОЧНИК ЗАПИСИ
Страна Российская Федерация
Организация NLR
Правила каталогизации psbo
801 #1 - ИСТОЧНИК ЗАПИСИ
Страна Российская Федерация
Организация ELAR
Источник данных rusmarc
852 ## - МЕСТОНАХОЖДЕНИЕ И ШИФР ХРАНЕНИЯ
Идентификатор организации NLR
Наименование фонда или коллекции (Sub-Location Identifier) Пт
Шифр хранения (Call Number) 20.7/281
942 ## - ДОПОЛНИТЕЛЬНЫЕ ЭЛЕМЕНТЫ ЗАПИСИ (АБИС)
Тип экземпляра АБИС Книга
980 ## - КОЛЛЕКЦИЯ
Название коллекции Национальная библиография
Экземпляры
Тип экземпляра Дата поступления Библиотека постоянного хранения Библиотека текущего хранения Место хранения Шифр хранения Штрих-код Статус экземпляра
Книга 26.10.2013 РНБ (Московский) РНБ (Московский) Фонд нормативно-технических и технических документов Пт 20.7/281 5951442-10